000 00722nam a2200253 i 4500
001 C2-0246666
003 PPAK
005 20180727211356.0
008 030324s2002 nyua|||| ||||| | eng d
020 _a1929049528
040 _aPPAK
_beng
_cPPAK
_erda
082 0 4 _a031.02
_223
090 0 0 _a031.02
_bTIM
_dRK
245 0 0 _aTime for kids almanac 2003 with information please
264 1 _aNew York :
_bTIME For Kids Books ,
_c2002
300 _a360 pages :
_bcolour illustrations ;
_c23 cm
336 _2rdacontent
_atext
337 _2rdamedia
_aunmediated
338 _2rdacarrier
_avolume
500 _aIncludes index
650 1 0 _aAlmanacs, Children's
700 1 _aHartman, Holly,
_eeditor
942 _ddc
_cB
999 _c60576
_d60576